100 zufällige Fußballvereinswappen - Statistiken

Allgemein
  • Dieses Quiz wurde 305 mal gespielt
  • Das Durchschnittsergebnis liegt bei 72 aus 100
Antwortstatistiken
Bildquiz Antwort % Korrekt
Werder Bremen
100%
Manchester United
98%
Bayer 04 Leverkusen
97%
Eintracht Frankfurt
96%
Atletico Madrid
93%
FC Basel
93%
Hertha BSC
93%
SV Elversberg
93%
1. FC Nürnberg
92%
Borussia Dortmund
92%
Inter Mailand
92%
Real Betis Sevilla
92%
Roter Stern Belgrad
92%
Preußen Münster
91%
FC Arsenal
90%
FC Barcelona
90%
Jahn Regensburg
90%
TSG 1899 Hoffenheim
90%
Arminia Bielefeld
89%
Borussia Mönchengladbach
89%
Dynamo Dresden
89%
Fortuna Düsseldorf
89%
Glasgow Rangers
89%
Olympique Lyon
89%
Olympique Marseille
89%
OSC Lille
89%
VfL Bochum
89%
1. FC Heidenheim
88%
1. FC Saarbrücken
88%
Benfica Lissabon
88%
FC Chelsea
88%
SpVgg Greuther Fürth
88%
SSC Neapel
88%
VfL Osnabrück
88%
1. FC Magdeburg
87%
Dinamo Zagreb
87%
PSV Eindhoven
87%
Rot-Weiß Essen
87%
Wolverhampton Wanderers
87%
AC Fiorentina
85%
Energie Cottbus
85%
Olympiakos Piräus
85%
FC Kopenhagen
84%
SSV Ulm
84%
Carl Zeiss Jena
83%
Club Brügge
83%
FC Villareal
82%
Fenerbahce SK
81%
Waldhof Mannheim
80%
FC Bologna
79%
Kickers Offenbach
78%
Real Sociedad San Sebastian
78%
al-Hilal
77%
Celta Vigo
77%
Dynamo Kiew
77%
Rapid Wien
76%
OGC Nizza
74%
Sporting Braga
72%
SV Meppen
72%
Viktoria Pilsen
72%
FC Twente Enschede
70%
Stuttgarter Kickers
68%
CA Osasuna
67%
Rayo Vallecano
67%
FK Molde
66%
CFC Genua
65%
KRC Genk
64%
Stoke City
63%
FC Girona
62%
FC Groningen
62%
Hellas Verona
62%
LASK
62%
Slovan Bratislava
62%
Chicago Fire
59%
FC Utrecht
58%
Sampdoria Genua
56%
Fluminense Rio de Janeiro
55%
Heart of Midlothian
54%
Cardiff City
53%
Panathinaikos Athen
53%
PAOK Thessaloniki
53%
Slavia Prag
51%
AC Le Havre
50%
FC Metz
49%
FCSB Bukarest
48%
Deportivo La Coruna
47%
Standard Lüttich
47%
Botafogo FR
45%
Bolton Wanderers
44%
FC Midtjylland
43%
Real Saragossa
36%
AC Ajaccio
35%
HJK Helsinki
33%
US Salernitana
33%
Coventry City
29%
Antalyaspor
25%
Real Oviedo
25%
FC Nordsjaelland
22%
Vitoria Guimaraes
21%
Wydad Casablanca
20%
Keine übereinstimmenden Quizze gefunden
Verteilung der Resultate
Anzahl Personen mit jedem Resultat
Perzentil nach korrekt beantworteten Fragen
Ihre Resultats-Entwicklung
Sie haben dieses Quiz noch nicht gespielt